000 01089nam a2200277 a 4500
999 _c475359
_d475359
005 20250128005515.0
008 180411b bul|||||r ||||||| ||bul||
020 _a9789542840381
040 _aBLK
041 _aBUL
_cBUL
080 _aПолитика. Вж и 341 ; 342
_b32
_z32
080 _aВътрешна политика. Вж и 329
_b323
_x(497.2)
_z323(497.2)
100 _aКостов, Иван Йорданов
_eпърви автор
_9270186
139 _aКостов, Иван Йорданов
_bК 86
245 1 0 _aПолитиката отвътре
_cИван Костов.
257 _aBGR
260 _aСофия
_bСиела Норма
_c2022
_9217021
_n978-954-28-
300 _a400 с.
_c23 см
380 _a3
650 7 _aПолитика
_9166818
650 7 _aПреход от тоталитаризъм към демокрация
_9167723
650 0 _aБългария - вътрешна политика
_9241559
852 _bП
_cП 32/К 86 И
942 _cKNG
_n0
_s1
_010
944 _aCR
_c2022-10-07
_k
_lCRON CRON